Interkultúrne pôsobenie a jeho ciele pri stretávaní cudzích kultúr
Kultúrny rozmer migrácie. Vzájomné medzikultúrne pôsobenie. Etnocentrizmus a jeho úloha v interkultúrnych vzťahoch. Nacionalizmus ako novodobý variant etnocentrizmu. Kultúrny relativizmus. Interkultúrna komunikácia a interakcia. Vybrané typy interkultúrneho pôsobenia.
Salvato in:
| Autore principale: | |
|---|---|
| Natura: | Capitolo di libro |
| Lingua: | slovacco |
| Soggetti: | |
| Tags: |
Nessun Tag, puoi essere il primo ad aggiungerne!!
|
MARC
| LEADER | 00000nla a2200000 4500 | ||
|---|---|---|---|
| 001 | 0231163 | ||
| 005 | 20240502083620.4 | ||
| 041 | 0 | |a slo | |
| 044 | |a CZ | ||
| 245 | 1 | 0 | |a Interkultúrne pôsobenie a jeho ciele pri stretávaní cudzích kultúr |c Milena Helmová |
| 520 | |a Kultúrny rozmer migrácie. Vzájomné medzikultúrne pôsobenie. Etnocentrizmus a jeho úloha v interkultúrnych vzťahoch. Nacionalizmus ako novodobý variant etnocentrizmu. Kultúrny relativizmus. Interkultúrna komunikácia a interakcia. Vybrané typy interkultúrneho pôsobenia. | ||
| 610 | 2 | 0 | |a kultúra |
| 610 | 2 | 0 | |a cudzinci |
| 610 | 2 | 0 | |a migrácia |
| 610 | 2 | 0 | |a komunikácia interkultúrna |
| 610 | 2 | 0 | |a kompetencie interkultúrne |
| 610 | 2 | 0 | |a vzdelávanie |
| 100 | 1 | |a Helmová, Milena, 1954- | |